Epidemiology and biostatistics: An introduction to clinical research (Record no. 1237311)

MARC details
000 -LEADER
fixed length control field 00760nam a2200253Ia 4500
005 - DATE AND TIME OF LATEST TRANSACTION
control field 20250117103421.0
008 - FIXED-LENGTH DATA ELEMENTS--GENERAL INFORMATION
fixed length control field 008 250103s9999 xx 000 0 eng d
020 ## - INTERNATIONAL STANDARD BOOK NUMBER
International Standard Book Number 9783319966427
037 ## - SOURCE OF ACQUISITION
Stock number Textual
040 ## - CATALOGING SOURCE
Original cataloging agency CSL
Language of cataloging eng
Transcribing agency CSL
041 ## - LANGUAGE CODE
Language code of text/sound track or separate title eng
Source of code eng
084 ## - COLON CLASSIFICATION NUMBER
Classification number Y7:(L) P9;Q9;1
Assigning agency CSL
100 ## - MAIN ENTRY--PERSONAL NAME
Personal name Kestenbaum, Bryan
245 #0 - TITLE STATEMENT
Title Epidemiology and biostatistics: An introduction to clinical research
Statement of responsibility, etc. Kestenbaum, Bryan
250 ## - EDITION STATEMENT
Edition statement 2nd
260 ## - PUBLICATION, DISTRIBUTION, ETC.
Place of publication, distribution, etc. Switzerland
Name of publisher, distributor, etc. Springer
Date of publication, distribution, etc. 2019
300 ## - PHYSICAL DESCRIPTION
Extent xiv, 277p. ill.
650 ## - SUBJECT ADDED ENTRY--TOPICAL TERM
Topical term or geographic name entry element Biostatistics
9 (RLIN) 426235
650 ## - SUBJECT ADDED ENTRY--TOPICAL TERM
Topical term or geographic name entry element Cohort studies
9 (RLIN) 732917
650 ## - SUBJECT ADDED ENTRY--TOPICAL TERM
Topical term or geographic name entry element Survival analysis
9 (RLIN) 732918
650 ## - SUBJECT ADDED ENTRY--TOPICAL TERM
Topical term or geographic name entry element Statistics
942 ## - ADDED ENTRY ELEMENTS (KOHA)
Koha item type Textual
Classification part Y7:(L) P9;Q9;1
Holdings
Withdrawn status Lost status Damaged status Not for loan Home library Current library Date acquired Source of acquisition Inventory number Total Checkouts Full call number Barcode Date last seen Price effective from Koha item type
        Central Science Library Central Science Library 2025-01-17 Classic Book Service 105, 09/01/2023   Y7:(L) P9;Q9;1 SL1655258 2025-01-17 2025-01-17 Textual
Copyright @ Delhi University Library System